TV Nicknames Match-Up Quiz Stats

 Plays Quiz Updated May 6, 2015

Also try: City Clicknames
Challenge
Share
Tweet
Score 0/20 Timer 05:00
3 Plays Today
% Correct
Beaver
85.4%
Hawkeye
81.5%
Bones
76.6%
J.D.
67%
Granny
64.4%
Red
60.4%
G.O.B.
58.5%
Screech
57.4%
Coach
54%
Potsie
50.9%
% Correct
Hurley
49.3%
Skipper
49.3%
Hannibal
48.3%
Ducky
44.3%
Charlie
41.8%
Puck
41.5%
Venus Flytrap
38.3%
Bull
37.6%
Gus
34.7%
Rerun
33.7%

You're not logged in!

Compare scores with friends on all Sporcle quizzes.
OR
Log In

You Might Also Like...

Show Comments

Extras

Top Quizzes Today


Score Distribution

Your Account Isn't Verified!

In order to create a playlist on Sporcle, you need to verify the email address you used during registration. Go to your Sporcle Settings to finish the process.

Report this User

Report this user for behavior that violates our Community Guidelines.

Details: